00791nam a2200253 a 4500001001300000003000900013005001700022008004100039020001000080082001300090100001700103245006300120260004800183300000800231500003500239505001300274650001600287700001700303902000800320942000700328952009300335952009400428999001500522nice12345678IN_TiNIC20260116011427.0050524s1902 laha grp 000 0 urd  ac10000a239bMEN aMenro, James aKin Manon Men Qur`an Masihi Kutub Muqaddas Ka Mohafiz Hai. aLahorebPunjab Religious Booksociety c1902 a40p aincludes index and biblioraphy2 aArchives aApologetics1 aMenro, James bSRS cBK 00104070aHMIbHMId2016-04-15g100.00l0o239 MENp4336r0000-00-00w2026-01-16yARB 00104070aHMIbHMId2016-04-15g100.00l0o239 MENp11007r0000-00-00w2026-01-16yARB c1437d1437